[Event "Titled Tuesday intern op 05th Sep Late"]
[Site "Chess.com INT"]
[Date "2023.09.05"]
[Round "2"]
[White "Pironti, Francisco Ferrari"]
[Black "Kostiukov, Alexandr"]
[Result "1/2-1/2"]
[WhiteElo "1947"]
[BlackElo "2271"]
[PlyCount "121"]
[EventDate "2023.09.05"]
[EventType "swiss (blitz)"]
[EventRounds "11"]
[EventCountry "USA"]
[SourceTitle "EXT 2024"]
[Source "ChessBase"]
[SourceDate "2023.10.10"]
[SourceVersion "1"]
[SourceVersionDate "2023.10.10"]
[SourceQuality "1"]

1. e4 c5 2. Nf3 g6 3. d4 cxd4 4. Qxd4 Nf6 5. e5 Nc6 6. Qa4 Nd5 7. Qe4 Ndb4 8. a3 d5 9. Qe2 Na6 10. b4 Nc7 11. Bb2 Bg7 12. Nbd2 0-0 13. h4 Bg4 14. h5 Ne6 15. hxg6 fxg6 16. Rh4 h5 17. Rxg4 hxg4 18. Nh4 Ned4 19. Qxg4 Nxe5 20. Qd1 e6 21. g3 Nf5 22. Nxf5 Rxf5 23. Bg2 Qb6 24. Qe2 Raf8 25. f4 Nf3+ 26. Nxf3 Bxb2 27. Rd1 Bc3+ 28. Kf1 e5 29. Bh3 Rh5 30. Kg2 exf4 31. Be6+ Kg7 32. Bxd5 Qf6 33. g4 Rh7 34. g5 Qf5 35. Qe7+ Rf7 36. Bxf7 Qxf7 37. Qxf7+ Kxf7 38. Rd7+ Kg8 39. Rxh7 Kxh7 40. Kh3 Kg7 41. Kg4 b5 42. Kxf4 Bb2 43. Ne5 a6 44. Nc6 Bxa3 45. Ke4 Kf7 46. Kd5 Ke8 47. Kc5 Kd7 48. Kb6 Kd6 49. c3 Kd5 50. Kxa6 Kc4 51. Ka5 Kxc3 52. Kxb5 Kd3 53. Kc5 Ke4 54. Kc4 Bxb4 55. Nxb4 Kf5 56. Nd3 Kxg5 57. Kd4 Kg4 58. Ke3 Kg3 59. Nf2 g5 60. Ne4+ Kh4 61. Nxg5 1/2-1/2

[Event "Titled Tuesday intern op 25th Jul Early"]
[Site "Chess.com INT"]
[Date "2023.07.25"]
[Round "11"]
[White "Pironti, Francisco Ferrari"]
[Black "Bristy, Mukherjee"]
[Result "0-1"]
[WhiteElo "1959"]
[BlackElo "1873"]
[PlyCount "132"]
[EventDate "2023.07.25"]
[EventType "swiss (blitz)"]
[EventRounds "11"]
[EventCountry "USA"]
[SourceTitle "EXT 2024"]
[Source "ChessBase"]
[SourceDate "2023.10.10"]
[SourceVersion "1"]
[SourceVersionDate "2023.10.10"]
[SourceQuality "1"]

1. e4 h5 2. d4 a5 3. Nf3 d5 4. exd5 Nf6 5. Nc3 Nxd5 6. Bc4 Nb6 7. Bd3 Nc6 8. Bf4 Bg4 9. Nb5 Nd5 10. Bd2 Ndb4 11. Bxb4 Nxb4 12. h3 Bxf3 13. Qxf3 c6 14. Nc3 Qxd4 15. 0-0-0 e6 16. Rhe1 Bc5 17. Rxe6+ Kf8 18. Re2 Rh6 19. a3 Nxd3+ 20. Rxd3 Qf6 21. Qxf6 Rxf6 22. Ne4 Re6 23. Kd1 Rae8 24. f3 f5 25. Nc3 Rxe2 26. Nxe2 Re6 27. Nf4 Rd6 28. Rxd6 Bxd6 29. Nxh5 g6 30. Nf6 Ke7 31. Ng8+ Kf7 32. Nh6+ Kg7 33. Nxf5+ gxf5 34. Ke2 Kf6 35. Ke3 Kg5 36. Kd4 Kf4 37. c4 Be5+ 38. Kc5 Bxb2 39. Kb6 Bxa3 40. Kxa5 Bc5 41. g4 Kg5 42. h4+ Kxh4 43. gxf5 Kg5 44. f4+ Kxf5 45. Ka4 Kxf4 46. Ka5 Ke4 47. Ka4 Kd4 48. Kb3 b5 49. cxb5 cxb5 50. Kc2 Ba3 51. Kd1 Kc3 52. Ke2 Kc2 53. Kf3 b4 54. Kg4 b3 55. Kh5 b2 56. Kg6 b1Q 57. Kf5 Qe1 58. Kg4 Kd3 59. Kf5 Qe3 60. Kg4 Qf2 61. Kh3 Qg1 62. Kh4 Qg6 63. Kh3 Qg5 64. Kh2 Qg4 65. Kh1 Ke2 66. Kh2 Kf2 0-1

[Event "Titled Tuesday intern op 25th Jul Early"]
[Site "Chess.com INT"]
[Date "2023.07.25"]
[Round "8"]
[White "Pironti, Francisco Ferrari"]
[Black "Fajdetic, Hrvoje"]
[Result "1-0"]
[WhiteElo "1959"]
[BlackElo "2151"]
[PlyCount "105"]
[EventDate "2023.07.25"]
[EventType "swiss (blitz)"]
[EventRounds "11"]
[EventCountry "USA"]
[SourceTitle "EXT 2024"]
[Source "ChessBase"]
[SourceDate "2023.10.10"]
[SourceVersion "1"]
[SourceVersionDate "2023.10.10"]
[SourceQuality "1"]

1. d4 d5 2. Nf3 e6 3. e3 f5 4. Bd3 Nf6 5. Nbd2 Bd6 6. c4 c6 7. b3 0-0 8. Bb2 Ne4 9. Qc2 b6 10. Ne5 Bb7 11. g4 Bb4 12. 0-0-0 Nxf2 13. gxf5 Nxd1 14. fxe6 Qh4 15. Ndf3 Qh6 16. Rxd1 Na6 17. Qe2 Nc7 18. Nf7 Qh5 19. N3g5 g6 20. Qxh5 gxh5 21. Rg1 Rxf7 22. exf7+ Kf8 23. Bxh7 Ke7 24. Bg6 Ne6 25. Nxe6 Kxe6 26. Rf1 Rf8 27. a3 Bd6 28. e4 Bxh2 29. cxd5+ cxd5 30. e5 h4 31. Rf6+ Ke7 32. Rf5 Bc8 33. Rf1 Be6 34. a4 Bxf7 35. Ba3+ Ke8 36. Bxf8 Bxg6 37. Kb2 Be4 38. Bh6 Bg3 39. Bf4 Bxf4 40. Rxf4 h3 41. Rh4 Bg2 42. Kc3 a5 43. Kd2 Kd7 44. Ke3 Ke6 45. Kf2 Kf5 46. Kg3 Bf1 47. Rxh3 Bxh3 48. Kxh3 Ke6 49. Kg4 b5 50. axb5 Ke7 51. Kf5 Kf7 52. e6+ Ke7 53. Ke5 1-0